| 000 | 00805nam a22001817a 4500 | ||
|---|---|---|---|
| 999 |
_c58820 _d58820 |
||
| 003 | Ge_BSU | ||
| 005 | 20221005135456.0 | ||
| 008 | 221005s2003 ge ||||| |||| 00| 0 geo d | ||
| 041 | _ageo | ||
| 080 | _a128 ბ-95 | ||
| 100 |
_aბუაჩიძე, თამაზ _9389 |
||
| 245 |
_aფილოსოფიური ანთროპოლოგია / _c[რედ.: მიხეილ მახარაძე] ; საქ. მეცნ. აკად., ფილოსოფიის ინ-ტი. |
||
| 264 |
_aთბ. : _bკოლორი, _c2003. |
||
| 300 |
_a88გვ. ; _b20სმ. |
||
| 653 | _aფილოსოფიური ანთროპოლოგია. | ||
| 700 |
_aმახარაძე, მიხეილ _eრედაქტორი _915061 |
||
| 942 |
_2udc _cBK |
||